000 00524nam a22001337a 4500
040 _cRUA
082 _aAGR HY 2013 B057 Or.1
100 _aHY, RYDA.
245 _aReproductive feed of golden apple snail, របបចំណីអាហារទៅលើការបន្តពូជរបស់ខ្យងមាសស៊ីស្រូវ
260 _aPhnom Penh
_bRUA
_c2013
300 _ax; 34p.
_bill.
_c29cm.
856 _uhttps://drive.google.com/file/d/1PsBKuzeYOoS7Y27EYzOMtamit-cInChe/view?usp=sharing
942 _cAGR
999 _c1307
_d1307